Indikátory úspechu startupov bakalárska práca

Guardado en:
Detalles Bibliográficos
Autor principal: Trhanová, Monika
Autor Corporativo: Fakulta podnikového manažmentu EU. Katedra manažmentu
Otros Autores: Bednár, Richard, 1985-
Formato: Libro
Lenguaje:eslovaco
Publicado: Bratislava 2018
Etiquetas: Agregar Etiqueta
Sin Etiquetas, Sea el primero en etiquetar este registro!

MARC

LEADER 00000nbm a2200000 4500
001 0244711
005 20180918145014.4
041 0 |a slo 
044 |a SK 
245 1 0 |a Indikátory úspechu startupov  |b bakalárska práca  |c Monika Trhanová ; školiteľ: Richard Bednár 
264 1 |a Bratislava  |c 2018 
300 |a 65 s. 
100 1 |a Trhanová, Monika 
700 1 |a Bednár, Richard, 1985- 
710 2 |a Fakulta podnikového manažmentu EU. Katedra manažmentu